|
|
|
|
| LEADER |
01409nam a2200361 a 4500 |
| 001 |
EBC3384101 |
| 003 |
MiAaPQ |
| 005 |
20200520144314.0 |
| 006 |
m o d | |
| 007 |
cr cn||||||||| |
| 008 |
130614s2012 enka sb 000 0 eng d |
| 020 |
|
|
|z 9781906924454 (pbk.)
|
| 020 |
|
|
|z 9781906924461
|
| 020 |
|
|
|a 9781906924478 (electronic bk.)
|
| 035 |
|
|
|a (MiAaPQ)EBC3384101
|
| 035 |
|
|
|a (Au-PeEL)EBL3384101
|
| 035 |
|
|
|a (CaPaEBR)ebr10715016
|
| 035 |
|
|
|a (OCoLC)923317964
|
| 040 |
|
|
|a MiAaPQ
|c MiAaPQ
|d MiAaPQ
|
| 050 |
|
4 |
|a K1401
|b .D54 2012
|
| 245 |
0 |
4 |
|a The digital public domain
|h [electronic resource] :
|b foundations for an open culture /
|c edited by Melanie Dulong de Rosnay and Juan Carlos De Martin.
|
| 260 |
|
|
|a Cambridge :
|b Open Book Publishers,
|c 2012.
|
| 300 |
|
|
|a xxv, 220 p. :
|b ill.
|
| 504 |
|
|
|a Includes bibliographical references.
|
| 533 |
|
|
|a Electronic reproduction. Ann Arbor, MI : ProQuest, 2015. Available via World Wide Web. Access may be limited to ProQuest affiliated libraries.
|
| 650 |
|
0 |
|a Public domain (Copyright law)
|
| 650 |
|
0 |
|a Digital rights management.
|
| 650 |
|
0 |
|a Copyright and electronic data processing.
|
| 655 |
|
4 |
|a Electronic books.
|
| 700 |
1 |
|
|a Rosnay, Melanie Dulong de.
|
| 700 |
1 |
|
|a Martin, Juan Carlos de.
|
| 710 |
2 |
|
|a ProQuest (Firm)
|
| 856 |
4 |
0 |
|u https://ebookcentral.proquest.com/lib/matrademy/detail.action?docID=3384101
|z Click to View
|